A dictionary of classical antiquities, mythology, religion, literature and art :

محفوظ في:

المؤلف الرئيسي: Seyffert, Oskar.

التنسيق: كتاب

اللغة: Undetermined

منشور في: New York : Meridian Books, 1964.

الموضوعات:

الوسوم: إضافة وسم

لا توجد وسوم, كن أول من يضع وسما على هذه التسجيلة!

رقم الطلب: (Ref.) DE5 .S5

LEADER 00564nam a2200145Ia 4500
008 220712s9999||||xx |||||||||||||| ||und||
050 4 |a (Ref.) DE5 .S5 
100 1 |a Seyffert, Oskar. 
245 1 2 |a A dictionary of classical antiquities, mythology, religion, literature and art : 
264 1 |a New York :  |b Meridian Books,  |c 1964. 
300 |a vi, 716p. :  |b illus. ;  |c 21cm. 
555 4 |o (Ref.) DE5 .S5 
650 4 |a Classical dictionaries. 
952 |0 0  |1 0  |2 lcc  |4 0  |7 1  |9 41804  |a ARCE  |b ARCE  |d 2022-07-21  |l 0  |o (Ref.) DE5 .S5  |p 1035182  |r 2022-07-21 00:00:00  |w 2022-07-21  |y BK 
999 |c 48783  |d 48783